Java examples in a Nutshell : a tutorial companion to Java in an Nutshell
Saved in:
| Format: | Book |
|---|---|
| Language: | English |
| Published: |
Cambridge :
O'Reilly,
1997
|
| Series: | Java series
Nutshell handbook |
| Subjects: | |
| Tags: |
Add Tag
No Tags, Be the first to tag this record!
|
MARC
| LEADER | 00000nam a2200000 i 4500 | ||
|---|---|---|---|
| 001 | 1/58167 | ||
| 008 | 980522s1997 eng d | ||
| 020 | |a 1565923715 | ||
| 035 | |l 10028320 | ||
| 040 | |a GR-MY-UA |b gre |e aacr | ||
| 041 | 0 | |a eng | |
| 082 | 0 | |a 005.133 | |
| 245 | 1 | 0 | |a Java examples in a Nutshell : |b a tutorial companion to Java in an Nutshell / |c David Flanagan |
| 260 | |a Cambridge : |b O'Reilly, |c 1997 | ||
| 300 | |a xiv, 397 p.; |b ill.; |c 23 cm. | ||
| 490 | 1 | |a Java series (O'Reilly & Associates) | |
| 490 | 1 | |a Nutshell handbook | |
| 504 | |a Includes index | ||
| 650 | 0 | 0 | |a Java (Computer program language) |
| 650 | 0 | 0 | |a Object-oriented programming (Computer science) |
| 650 | 0 | 0 | |a Web servers. |
| 830 | 0 | |a Java series | |
| 830 | 0 | |a Nutshell handbook | |
| 852 | |a INST |b CHIOS |e 19980522 |h 005.133 FLA |p 005200016478 |q 005200016478 |t BK |y 0 | ||
| 852 | |a INST |b SAMOS |e 19990210 |h 005.133 FLA |p 005300013330 |q 005300013330 |t BK |y 0 | ||
| 901 | |a BIBL-1998-2 | ||
| 901 | |a BIBL-1999-1 | ||
| 909 | |a Χ |b 056051 | ||
| 909 | |a Σ |b 063003 | ||
| 922 | |a 2ΕΛΗ |b 199804 |c ΤΔΕ |d ΠΑΠΑΣΩΤΗΡΙΟΥ | ||
| 922 | |a 3ΕΛΗ |b 199901 |c ΕΠΕΑΕΚ/ΜΑΘ |d LEADER | ||